00785nam a2200193 a 4500003000200000005001700002008004100019050002700060100002100087245005200108260009100160300002800251504004100279650004300320650005600363650003300419650007700452650006200529020250203110306.0130830s19uu xx 00 eng d aPGS GV 443b.M829 2013 aMoran, Miljie P. aGender and physical fitness /cMiljie P. Moran. aLas Piñas City, Philippines :bSouthville International School and Colleges, c2013. a28 p. :bill. ;c28 cm. aIncludes bibliographical references. a Gender differencesvPhysical fitness. a Physical fitnessvEffect of gender on performance. aChildren's physical fitness. aPhysical education and trainingvStudy and teaching (Elementary school). aPhysical fitnessvStudy and teaching (Elementary school).